Vyhne

Bibliographic Details
Format: Image
Language:English
PhysicalDescription:1 pohľadnica
Published: Praha Orbis [ 1973 ]

MARC

LEADER 00000nkm a2200000 a 4500
001 vtls001560755
003 SK-MaSNL
005 20260223181142.0
008 200701 000 vleng
040 |a SNK  |b slo  |c SNK  |e AACR2 
245 1 0 |a Vyhne  |h grafika 
260 |a Praha  |b Orbis  |c [ 1973 ] 
300 |a 1 pohľadnica 
958 |a GBN 
999 |c 647255  |d 649185 
952 |a SNK  |b SNK  |y PREZ  |7 0  |p 17A0466650  |o snkSP 79766  |3 rekatalogizácia  |0 0  |1 0  |4 0  |d 2005-04-19  |l 0  |r 2026-02-23 18:11:42  |w 2026-02-23